La Eucaristía (Registro nro. 175588)

Detalles MARC
000 -LEADER
campo de control de longitud fija 00923nam a2200265 i 4500
001 - NÚMERO DE CONTROL
campo de control 175588
003 - IDENTIFICADOR DE NÚMERO DE CONTROL
campo de control ES-MaACL
005 - FECHA Y HORA DE LA ÚLTIMA TRANSACCIÓN
campo de control 20250821074833.0
007 - CAMPO FIJO DE DESCRIPCIÓN FÍSICA--INFORMACIÓN GENERAL
campo de control de longitud fija t|
008 - DATOS DE LONGITUD FIJA--INFORMACIÓN GENERAL
campo de control de longitud fija 101110s1969 sp ||||1| spa d
080 ## - NÚMERO DE LA CLASIFICACIÓN DECIMAL UNIVERSAL
Número de la Clasificación Decimal Universal 27-53
111 2# - ENTRADA PRINCIPAL--NOMBRE DE CONGRESO/REUNIÓN
Nombre de congreso/reunión o jurisdicción como elemento de entrada Concilio Vaticano (
Número del congreso/reunión o número de parte o sección 2º.
Fecha del congreso o de la firma del tratado 1962-1965)
9 (RLIN) 122
245 13 - MENCIÓN DEL TÍTULO
Título La Eucaristía
Resto del título : textos del Vaticano II y de Pablo VI /
Mención de responsabilidad, etc. edición preparaada por Jesús Solano.
260 ## - PUBLICACIÓN, DISTRIBUCIÓN, ETC.
Lugar de publicación, distribución, etc. Madrid :
Nombre del editor, distribuidor, etc. [La Editorial Católica],
Fecha de publicación, distribución, etc. 1969.
300 ## - DESCRIPCIÓN FÍSICA
Extensión 281, [14] p. ;
Dimensiones 18 cm.
490 1# - MENCIÓN DE SERIE
Mención de serie Biblioteca de autores cristianos. Ediciones de bolsillo ;
Designación de volumen o secuencia 14
500 ## - NOTA GENERAL
Nota general Índices.
504 ## - NOTA DE BIBLIOGRAFÍA, ETC.
Nota de bibliografía, etc. Bibliografía: p. 11-31.
650 #7 - PUNTO DE ACCESO ADICIONAL DE MATERIA--TÉRMINO DE MATERIA
Término de materia o nombre geográfico como elemento de entrada Eucaristía
Fuente del encabezamiento o término embne
9 (RLIN) 12604
700 0# - ENTRADA AGREGADA--NOMBRE PERSONAL
Nombre de persona Solano, Jesús.
9 (RLIN) 107079
700 0# - ENTRADA AGREGADA--NOMBRE PERSONAL
Nombre de persona Pablo
Numeración VI,
Títulos y otros términos asociados al nombre Papa, Santo.
9 (RLIN) 168351
830 1# - PUNTO DE ACCESO ADICIONAL DE SERIE-TÍTULO UNIFORME
Título uniforme Biblioteca de autores cristianos. Ediciones de bolsillo ;
Designación de volumen o secuencia 14
9 (RLIN) 182549
852 4# - LOCALIZACIÓN
Ubicación ES-MaACL
Número de control de estantería E-13481
Existencias
Estatus retirado Estado de pérdida Estado de daño No para préstamo Biblioteca de origen Biblioteca actual Ubicación en estantería Fecha de adquisición Fuente de adquisición Total de préstamos Signatura topográfica completa Código de barras Visto por última vez Precio de reemplazo Tipo de ítem Koha
        Biblioteca del Ateneo de Madrid Biblioteca del Ateneo de Madrid Depósito 2 10/11/2010     E-13481 1184377 23/02/2023 23/02/2023 Libro impreso